K definícii materiálovej chémie 2. časť (Technická správa IUPAC)

Bibliographic Details
Main Author: Drábik, Milan, 1954- (Author)
Format: Article
Language:Slovak
ISSN:1336-7242
Subjects:

MARC

LEADER 00000nab a2200000 ar4500
001 vtls010191340
003 SK-MaSNL
005 20260304212434.0
008 101123c2010 xo ||||||||||||00 b|slo
015 |a SNBRB2010/11  |2 snkbucl 
038 |a SNKBUCL 
040 |a SNKBUCL  |b slo  |c SNKBUCL  |e AACR2 
041 0 |a slo 
044 |a xo  |c SK 
080 |a 54-027.22:620.2  |2 2001 
080 |a 620.2  |2 2001 
080 |a 544  |2 2001 
100 1 |a Drábik, Milan,  |d 1954-  |4 aut  |9 48909 
245 1 0 |a K definícii materiálovej chémie  |n 2. časť  |p (Technická správa IUPAC)  |c M. Drábik 
500 |a Preklad angl. orig. Pure Appl. Chem. - Vol. 81, no. 9 (2009), pp. 1707-1717 
504 |a Bibliogr. aodkazy 
650 0 7 |a materiálová chémia  |2 snkbucl  |9 1544441 
650 0 7 |a definície  |2 snkbucl  |9 51993 
655 7 |a informatívne články  |2 snkbucl  |9 131959 
773 0 |t ChemZi  |g Roč. 6, č. 11 (2010), s. 12-13  |x 1336-7242 
852 |a SNK  |b KIS3GCP 
958 |a NB 
999 |c 3131313  |d 3133243